Start-upy a ich financovanie na Slovensku
Inovatívnosť start-upov. Financovanie inovatívnych podnikateľských projektov. Seed capital – predštartovacie (zárodočné) financovanie. Start-up capital – štartovacie financovanie. Early stage development capital – financovanie začiatočného rozvoja. Podpora zo strany biznis anjelov. Rozdelenie podiel...
Enregistré dans:
| Auteur principal: | |
|---|---|
| Format: | Chapitre de livre |
| Langue: | slovaque |
| Sujets: | |
| Tags: |
Pas de tags, Soyez le premier à ajouter un tag!
|
MARC
| LEADER | 00000nla$a2200000$$$4500 | ||
|---|---|---|---|
| 001 | 0142879 | ||
| 005 | 20240502072548.8 | ||
| 041 | 0 | |a slo | |
| 044 | |a SK | ||
| 245 | 1 | 0 | |a Start-upy a ich financovanie na Slovensku |c Dominik Orfánus |
| 520 | |a Inovatívnosť start-upov. Financovanie inovatívnych podnikateľských projektov. Seed capital – predštartovacie (zárodočné) financovanie. Start-up capital – štartovacie financovanie. Early stage development capital – financovanie začiatočného rozvoja. Podpora zo strany biznis anjelov. Rozdelenie podielov a vystúpenie z investície. Najúspešnejšie star-upy v IT odvetví a v aerolíniách. | ||
| 610 | 2 | 0 | |a investície |
| 610 | 2 | 0 | |a investori |
| 610 | 2 | 0 | |a kapitál rizikový |
| 610 | 2 | 0 | |a financovanie |
| 610 | 2 | 0 | |a podnikanie |
| 610 | 2 | 0 | |a inovácia |
| 100 | 1 | |a Orfánus, Dominik | |